[Event "Trois-Rivieres op"]
[Site "Trois Rivieres"]
[Date "2018.03.17"]
[Round "2.21"]
[White "Paradis, Sylvain"]
[Black "Papineau, Daniel"]
[Result "0-1"]
[WhiteElo "1882"]
[BlackElo "2078"]
[PlyCount "104"]
[EventDate "2018.03.16"]
[EventType "swiss"]
[EventRounds "5"]
[EventCountry "CAN"]
[SourceTitle "EXT 2022"]
[Source "ChessBase"]
[SourceDate "2021.10.06"]
[SourceVersion "1"]
[SourceVersionDate "2021.10.06"]
[SourceQuality "1"]

1. e4 g6 2. Nc3 Bg7 3. d4 c6 4. Nf3 d6 5. Bg5 Bg4 6. Be2 Qb6 7. Na4 Qa5+ 8. Nc3 Bxf3 9. Bxf3 Qxg5 10. 0-0 e5 11. d5 Qe7 12. Qd3 Nf6 13. Rfd1 c5 14. a3 0-0 15. b4 Nbd7 16. Rab1 Rfc8 17. b5 Qd8 18. a4 Bh6 19. Qc4 Qa5 20. Ra1 Qb4 21. Qb3 Qxb3 22. cxb3 a5 23. Be2 Nb6 24. Bc4 Kg7 25. Rd3 Nfd7 26. Nd1 Nf6 27. f3 Nfd7 28. Nb2 f5 29. Re1 Rf8 30. Rdd1 Rf7 31. Bd3 Rc8 32. Nc4 Nxc4 33. Bxc4 fxe4 34. Rxe4 b6 35. Be2 Nf6 36. Rc4 Be3+ 37. Kh1 Bd4 38. Rc2 Nh5 39. Bd3 Nf4 40. Be4 g5 41. h3 Rcf8 42. Kh2 h5 43. Kg3 Kf6 44. Kh2 h4 45. Rb1 Nh5 46. Re1 Ng3 47. Bd3 Kg7 48. Ra2 Rf4 49. Rc2 R8f7 50. Be4 R7f6 51. Ra2 Bc3 52. Re3 Nf1+ 0-1

[Event "Montreal Mercredi 01"]
[Site "Montreal"]
[Date "2008.01.31"]
[Round "5"]
[White "Papineau, Daniel"]
[Black "Gauthier, Luc"]
[Result "0-1"]
[WhiteElo "1841"]
[BlackElo "1772"]
[PlyCount "44"]
[EventDate "2008.01.09"]
[EventType "tourn"]
[EventRounds "5"]
[EventCountry "CAN"]
[SourceTitle "EXT 2011"]
[Source "ChessBase"]
[SourceDate "2010.11.26"]
[SourceVersion "1"]
[SourceVersionDate "2010.11.26"]
[SourceQuality "1"]

1. d4 Nf6 2. c4 g6 3. Nc3 d5 4. Nf3 Bg7 5. Bg5 c6 6. e3 Nbd7 7. Bd3 0-0 8. 0-0 dxc4 9. Bxc4 Nb6 10. Bb3 h6 11. Bh4 g5 12. Bg3 Bg4 13. Qc2 Bxf3 14. gxf3 Nbd5 15. Ne4 Nh5 16. Nc5 Nxg3 17. hxg3 Qc7 18. Rac1 Rac8 19. Bxd5 cxd5 20. Qb3 b6 21. Ne6 Qxc1 22. Nxf8 Qc6 0-1

[Event "Montreal Mercredi 01"]
[Site "Montreal"]
[Date "2008.01.30"]
[Round "4"]
[White "Giroux, Robert"]
[Black "Papineau, Daniel"]
[Result "1/2-1/2"]
[WhiteElo "1875"]
[BlackElo "1841"]
[PlyCount "116"]
[EventDate "2008.01.09"]
[EventType "tourn"]
[EventRounds "5"]
[EventCountry "CAN"]
[SourceTitle "EXT 2011"]
[Source "ChessBase"]
[SourceDate "2010.11.26"]
[SourceVersion "1"]
[SourceVersionDate "2010.11.26"]
[SourceQuality "1"]

1. e4 e6 2. d4 d5 3. Nc3 Bb4 4. e5 Qd7 5. Qg4 f5 6. Qh5+ Qf7 7. Qxf7+ Kxf7 8. Be3 b6 9. Nge2 Ba6 10. 0-0-0 Ne7 11. a3 Bxc3 12. Nxc3 c6 13. h4 Bxf1 14. Rhxf1 Nd7 15. f4 a6 16. Ne2 b5 17. b3 a5 18. Kb2 Rhc8 19. h5 Rc7 20. Nc1 c5 21. dxc5 Nxc5 22. Bxc5 Rxc5 23. Nd3 Rc7 24. c3 Nc8 25. Rc1 Nb6 26. g4 g6 27. hxg6+ hxg6 28. gxf5 gxf5 29. Rh1 Rg8 30. Rh7+ Rg7 31. Rxg7+ Kxg7 32. Ka2 Rc8 33. b4 axb4 34. cxb4 Rc4 35. Rxc4 dxc4 36. Nc5 Kf7 37. Na6 Nd5 38. Kb2 Ke7 39. Kc2 Nxf4 40. Nc7 Nd3 41. Nxb5 Nxe5 42. Nd4 Kd7 43. b5 f4 44. Kc3 f3 45. Nc2 Kc7 46. Kd4 f2 47. Ne3 Ng4 48. Nf1 e5+ 49. Kxc4 e4 50. a4 Kb6 51. Kd4 e3 52. Kd3 Ka5 53. Ke2 Kxa4 54. b6 Ne5 55. Nxe3 Kb5 56. Nd5 Kc6 57. Kxf2 Kxd5 58. b7 Nd7 1/2-1/2

[Event "Montreal Mercredi 01"]
[Site "Montreal"]
[Date "2008.01.16"]
[Round "2"]
[White "Katch, Gary"]
[Black "Papineau, Daniel"]
[Result "0-1"]
[WhiteElo "1817"]
[BlackElo "1841"]
[PlyCount "51"]
[EventDate "2008.01.09"]
[EventType "tourn"]
[EventRounds "5"]
[EventCountry "CAN"]
[SourceTitle "EXT 2011"]
[Source "ChessBase"]
[SourceDate "2010.11.26"]
[SourceVersion "1"]
[SourceVersionDate "2010.11.26"]
[SourceQuality "1"]

1. e4 c6 2. d4 d5 3. exd5 cxd5 4. Bd3 Nc6 5. c3 g6 6. Bf4 Bg7 7. Nf3 f6 8. 0-0 Nh6 9. Re1 0-0 10. c4 Bg4 11. Be2 Nf7 12. Nc3 dxc4 13. d5 Bxf3 14. Bxf3 Nce5 15. Be4 Qd7 16. Bg3 Nd6 17. Bc2 Nf5 18. Ne4 Rad8 19. Nc5 Qxd5 20. Qxd5+ Rxd5 21. Nxb7 Nxg3 22. hxg3 Rb5 23. Be4 f5 24. f4 fxe4 25. fxe5 Rxb7 26. Rac1 0-1

[Event "Quebec Montcalm op"]
[Site "Quebec"]
[Date "2008.01.06"]
[Round "4"]
[White "Papineau, Daniel"]
[Black "Sauve, Richard"]
[Result "0-1"]
[WhiteElo "2009"]
[BlackElo "1949"]
[PlyCount "92"]
[EventDate "2008.01.04"]
[EventType "swiss"]
[EventRounds "5"]
[EventCountry "CAN"]
[SourceTitle "EXT 2011"]
[Source "ChessBase"]
[SourceDate "2010.11.26"]
[SourceVersion "1"]
[SourceVersionDate "2010.11.26"]
[SourceQuality "1"]

1. c4 e6 2. d4 d5 3. cxd5 exd5 4. Nc3 c6 5. Qc2 Bd6 6. Nf3 Ne7 7. Bg5 f6 8. Bd2 Bf5 9. e4 dxe4 10. Nxe4 0-0 11. Bd3 Na6 12. 0-0 Nb4 13. Qb3+ Nbd5 14. Rfe1 Rb8 15. Bf1 Kh8 16. Rac1 Bf4 17. Qa3 Bxd2 18. Nexd2 Qd7 19. Ne4 Bg6 20. Nc5 Qc8 21. b4 a6 22. h3 Re8 23. Nh4 Bf7 24. Ne4 Qd7 25. Qg3 Rbd8 26. a3 Ng6 27. Nc5 Qc8 28. Nxg6+ Bxg6 29. Bc4 Bf7 30. Qh4 Bg8 31. Ne4 Qf5 32. Nc5 Qc8 33. Bd3 b5 34. Bg6 Rxe1+ 35. Rxe1 Nc7 36. Re7 Nd5 37. Ra7 Nc7 38. Qg3 Ne6 39. Bf5 g6 40. Bxe6 Bxe6 41. Qf4 Rf8 42. Rc7 Qe8 43. Qd6 Bd5 44. Re7 Qd8 45. Rd7 Qe8 46. Qc7 Bg8 0-1

[Event "Montreal Mercredi 10"]
[Site "Montreal"]
[Date "2007.10.24"]
[Round "3"]
[White "Papineau, Daniel"]
[Black "Forget, Luc"]
[Result "1/2-1/2"]
[WhiteElo "1854"]
[BlackElo "1926"]
[PlyCount "98"]
[EventDate "2007.10.10"]
[EventType "swiss"]
[EventRounds "5"]
[EventCountry "CAN"]
[SourceTitle "EXT 2022"]
[Source "ChessBase"]
[SourceDate "2021.10.06"]
[SourceVersion "1"]
[SourceVersionDate "2021.10.06"]
[SourceQuality "1"]

1. c4 Nf6 2. Nc3 c5 3. Nf3 Nc6 4. d4 cxd4 5. Nxd4 e5 6. Ndb5 a6 7. Nd6+ Bxd6 8. Qxd6 Qe7 9. Qxe7+ Nxe7 10. Bg5 0-0 11. Bxf6 gxf6 12. Ne4 Kg7 13. Nd6 b6 14. e3 Ra7 15. Bd3 Bb7 16. Ke2 Bc6 17. Rhd1 Rd8 18. Rd2 Nc8 19. Bf5 Ne7 20. Rad1 b5 21. cxb5 axb5 22. a3 Nxf5 23. Nxf5+ Kf8 24. Nd6 Rb8 25. f3 b4 26. axb4 Rxb4 27. Rc1 Ra2 28. Rcc2 Ra1 29. Nf5 Rb8 30. Rd6 Rb1 31. Rxf6 R1xb2 32. Rxb2 Rxb2+ 33. Kf1 Bb5+ 34. Kg1 Bc4 35. e4 Be6 36. h3 Rd2 37. Kh2 d5 38. exd5 Rxd5 39. g4 Bxf5 40. Rxf5 h6 41. Kg3 Kg7 42. Kh4 f6 43. f4 Kg6 44. fxe5 fxe5 45. Kg3 Rd3+ 46. Kg2 e4 47. Re5 Rd2+ 48. Kg3 Rd3+ 49. Kf4 Rxh3 1/2-1/2

[Event "Montreal Mercredi 10"]
[Site "Montreal"]
[Date "2007.10.17"]
[Round "2"]
[White "Katch, Gary"]
[Black "Papineau, Daniel"]
[Result "1-0"]
[WhiteElo "1848"]
[BlackElo "1854"]
[PlyCount "67"]
[EventDate "2007.10.10"]
[EventType "swiss"]
[EventRounds "5"]
[EventCountry "CAN"]
[SourceTitle "EXT 2022"]
[Source "ChessBase"]
[SourceDate "2021.10.06"]
[SourceVersion "1"]
[SourceVersionDate "2021.10.06"]
[SourceQuality "1"]

1. e4 e5 2. Nf3 Nc6 3. Nc3 Nf6 4. d4 exd4 5. Nxd4 Bb4 6. Nxc6 bxc6 7. Bd3 d5 8. exd5 cxd5 9. 0-0 0-0 10. Bg5 c6 11. Qf3 Be7 12. h3 Rb8 13. b3 Be6 14. Rfe1 Bb4 15. Bd2 Qa5 16. a3 Be7 17. b4 Qc7 18. Ne2 Rbd8 19. c3 Ne4 20. Bf4 Qb7 21. Bxe4 dxe4 22. Qxe4 Bd5 23. Qc2 c5 24. f3 Rfe8 25. Kh2 Bf6 26. Rad1 Bxf3 27. gxf3 Qxf3 28. Bg3 Rxd1 29. Qxd1 Rd8 30. Qc1 Re8 31. Nd4 Qa8 32. Nb5 g6 33. Nc7 Rxe1 34. Qxe1 1-0

[Event "Repentigny Lanaudiere"]
[Site "Repentigny"]
[Date "2007.08.18"]
[Round "2"]
[White "Sauve, Richard"]
[Black "Papineau, Daniel"]
[Result "1-0"]
[WhiteElo "2023"]
[BlackElo "1853"]
[PlyCount "71"]
[EventDate "2007.08.17"]
[EventType "swiss"]
[EventRounds "5"]
[EventCountry "CAN"]
[SourceTitle "EXT 2022"]
[Source "ChessBase"]
[SourceDate "2021.10.06"]
[SourceVersion "1"]
[SourceVersionDate "2021.10.06"]
[SourceQuality "1"]

1. d4 Nf6 2. c4 e6 3. Nc3 Bb4 4. Qc2 Nc6 5. Nf3 d6 6. e3 0-0 7. Bd2 e5 8. d5 Ne7 9. Bd3 Bg4 10. 0-0-0 c6 11. dxc6 bxc6 12. h3 Bxf3 13. gxf3 d5 14. Kb1 Rb8 15. Ka1 Qc7 16. Rdg1 Rb7 17. h4 Rfb8 18. h5 Kh8 19. Rg5 h6 20. Rg2 d4 21. Nd1 Bxd2 22. Qxd2 c5 23. Rhg1 Ne8 24. exd4 Ng8 25. d5 f6 26. Bc2 Nd6 27. Qd3 f5 28. Qc3 Qe7 29. Rxg7 Qxg7 30. Rxg7 Rxg7 31. Qxe5 Rb6 32. b3 Kh7 33. Ne3 Rg1+ 34. Kb2 Rg5 35. Kc3 Rxh5 36. Nxf5 1-0

[Event "Quebec Montcalm-ch"]
[Site "Quebec"]
[Date "2006.01.07"]
[Round "2"]
[White "Auger, Bertrand"]
[Black "Papineau, Daniel"]
[Result "1/2-1/2"]
[WhiteElo "2021"]
[BlackElo "2014"]
[PlyCount "95"]
[EventDate "2006.01.06"]
[EventType "swiss"]
[EventRounds "5"]
[EventCountry "CAN"]
[SourceTitle "EXT 2007"]
[Source "ChessBase"]
[SourceDate "2006.11.23"]
[SourceVersion "1"]
[SourceVersionDate "2006.11.23"]
[SourceQuality "1"]

1. Nf3 Nf6 2. g3 d6 3. d4 g6 4. Bg2 Bg7 5. 0-0 0-0 6. c4 Nbd7 7. Nc3 e5 8. dxe5 dxe5 9. b3 c6 10. Bb2 Qe7 11. Nd2 Rd8 12. Qc2 Nf8 13. Rad1 Bf5 14. Qc1 Bh6 15. Ba3 Qe6 16. e3 Bh3 17. Nde4 Bxg2 18. Nxf6+ Qxf6 19. Kxg2 Ne6 20. Ne4 Qf5 21. Nd6 Qh5 22. f4 exf4 23. exf4 Bf8 24. Qe3 c5 25. Rd5 Qh6 26. Ne4 b6 27. Nf6+ Kh8 28. Rfd1 Nd4 29. Bb2 Rxd5 30. Nxd5 Bg7 31. Nc7 Rc8 32. Ne8 g5 33. Nxg7 gxf4 34. Qxf4 Qc6+ 35. Kf2 Kxg7 36. Bxd4+ cxd4 37. Qxd4+ Kg8 38. Qg4+ Kf8 39. Rd5 Re8 40. Qd4 Rc8 41. Rd7 Kg8 42. Rxa7 Re8 43. Rd7 Qe6 44. Qd2 Qf5+ 45. Kg2 Qe4+ 46. Kh3 Qf5+ 47. Kg2 Qe4+ 48. Kh3 1/2-1/2

[Event "Canadian op"]
[Site "Kapuskasing"]
[Date "2004.07.18"]
[Round "10"]
[White "Thomson, Bruce"]
[Black "Papineau, Daniel"]
[Result "0-1"]
[WhiteElo "1739"]
[BlackElo "1736"]
[PlyCount "80"]
[EventDate "2004.07.10"]
[EventType "swiss"]
[EventRounds "10"]
[EventCountry "CAN"]
[SourceTitle "EXT 2022"]
[Source "ChessBase"]
[SourceDate "2021.10.06"]
[SourceVersion "1"]
[SourceVersionDate "2021.10.06"]
[SourceQuality "1"]

1. e4 d5 2. exd5 Nf6 3. d6 Qxd6 4. Nf3 Bg4 5. Be2 Nc6 6. d3 e6 7. Qd2 0-0-0 8. a3 h6 9. Nc3 Be7 10. b3 Nd4 11. Nxd4 Qxd4 12. Bxg4 Nxg4 13. Bb2 Bg5 14. Qe2 h5 15. Rb1 Qb6 16. h3 Nf6 17. 0-0 Bf4 18. Qf3 Bd6 19. Na4 Qa5 20. Bxf6 gxf6 21. Qxf6 Rhg8 22. Rfe1 Qd5 23. Re4 Rg6 24. Qh4 f5 25. Qxh5 Rdg8 26. Rg4 fxg4 27. Qxd5 exd5 28. g3 gxh3 29. Re1 Rf8 30. Re2 Rgf6 31. f4 Rg8 32. Kh2 c6 33. Nc3 Bxa3 34. Nd1 Bc5 35. Nf2 Rfg6 36. Nh1 Kd7 37. Kxh3 Rh6+ 38. Kg2 Rgh8 39. Nf2 Rh2+ 40. Kf3 Rxf2+ 0-1

[Event "Montreal Pere Noel op"]
[Site "Montreal"]
[Date "2004.??.??"]
[Round "4"]
[White "Bouvier, Jesse"]
[Black "Papineau, Daniel"]
[Result "1-0"]
[WhiteElo "2046"]
[BlackElo "2071"]
[PlyCount "59"]
[EventDate "2004.12.??"]
[EventType "swiss"]
[EventRounds "5"]
[EventCountry "CAN"]
[SourceTitle "EXT 2006"]
[Source "ChessBase"]
[SourceDate "2005.11.24"]
[SourceVersion "1"]
[SourceVersionDate "2005.11.24"]
[SourceQuality "1"]

1. e4 d5 2. exd5 Nf6 3. d4 Bg4 4. Nf3 Qxd5 5. Be2 Nc6 6. c4 Qf5 7. Be3 e6 8. h3 Qh5 9. Nc3 Bb4 10. Qb3 0-0 11. a3 Bxc3+ 12. Qxc3 e5 13. 0-0-0 Bxf3 14. Bxf3 exd4 15. Bxd4 Qg5+ 16. Be3 Qf5 17. Qc2 Qa5 18. g4 Rfd8 19. g5 Nd7 20. Rd5 Qa6 21. Be4 Nf8 22. Rb5 Rab8 23. Qc3 Re8 24. Bc2 Ne7 25. h4 Qc6 26. Rg1 a6 27. Rc5 Qd6 28. Rd1 Qe6 29. h5 b5 30. h6 1-0

[Event "Quebec-ch classe"]
[Site "Repentigny"]
[Date "2003.11.23"]
[Round "5"]
[White "Papineau, Daniel"]
[Black "Lacroix, Serge"]
[Result "1-0"]
[WhiteElo "2035"]
[BlackElo "2165"]
[PlyCount "100"]
[EventDate "2003.11.21"]
[EventType "swiss"]
[EventRounds "5"]
[EventCountry "CAN"]
[SourceTitle "EXT 2022"]
[Source "ChessBase"]
[SourceDate "2021.10.06"]
[SourceVersion "1"]
[SourceVersionDate "2021.10.06"]
[SourceQuality "1"]

1. d4 Nf6 2. c4 e6 3. Nc3 Bb4 4. f3 0-0 5. e4 d5 6. e5 Nfd7 7. a3 Bxc3+ 8. bxc3 dxc4 9. Bxc4 Nxe5 10. Be2 Ng6 11. f4 c5 12. Nf3 Qc7 13. g3 Rd8 14. 0-0 Nc6 15. Be3 Nge7 16. Qc2 cxd4 17. cxd4 Nd5 18. Bf2 h6 19. Rac1 Bd7 20. Bd3 Rac8 21. Qe2 Qd6 22. Ne5 Nf6 23. Rcd1 Ne7 24. g4 Ned5 25. Qf3 Ba4 26. Rd2 Rc7 27. g5 Rdc8 28. gxf6 Nxf6 29. h3 Rc1 30. Rxc1 Rxc1+ 31. Kh2 Bc6 32. Nxc6 bxc6 33. Rc2 Rxc2 34. Bxc2 Nd5 35. Bg3 Qd8 36. Qe4 g6 37. Qd3 Qa5 38. Bd1 h5 39. Bf3 h4 40. Bxh4 Nxf4 41. Qe3 Nd5 42. Qc1 Qa6 43. Qb2 Qf1 44. Bg2 Qd3 45. Bg3 Kh7 46. Be5 f6 47. Bd6 g5 48. Qb7+ Kg6 49. Qc8 Kf5 50. Qh8 Nf4 1-0

[Event "Quebec-ch classe"]
[Site "Repentigny"]
[Date "2003.11.21"]
[Round "1"]
[White "Masse, Hugues"]
[Black "Papineau, Daniel"]
[Result "1-0"]
[WhiteElo "2239"]
[BlackElo "2035"]
[PlyCount "52"]
[EventDate "2003.11.21"]
[EventType "swiss"]
[EventRounds "5"]
[EventCountry "CAN"]
[SourceTitle "EXT 2022"]
[Source "ChessBase"]
[SourceDate "2021.10.06"]
[SourceVersion "1"]
[SourceVersionDate "2021.10.06"]
[SourceQuality "1"]

1. d4 f5 2. g3 Nf6 3. Bg2 g6 4. c4 Bg7 5. Nf3 d6 6. 0-0 0-0 7. Nc3 Qe8 8. d5 h6 9. Nd4 Na6 10. Rb1 g5 11. e3 Ng4 12. b4 Ne5 13. Qb3 Nd3 14. Ba3 f4 15. Nce2 Qg6 16. Rbd1 Ne5 17. exf4 Ng4 18. h3 Nf6 19. g4 Nxg4 20. f5 Bxf5 21. Nxf5 Qxf5 22. Ng3 Qd7 23. hxg4 Qxg4 24. Ne4 Rf4 25. Bb2 Bxb2 26. Qxb2 Rxe4 1-0

[Event "Quebec-ch sf"]
[Site "Montreal"]
[Date "2003.??.??"]
[Round "5"]
[White "Cazelais, Marc"]
[Black "Papineau, Daniel"]
[Result "1-0"]
[WhiteElo "2186"]
[BlackElo "1907"]
[PlyCount "87"]
[EventDate "2003.??.??"]
[EventType "swiss"]
[EventRounds "5"]
[EventCountry "CAN"]
[SourceTitle "EXT 2006"]
[Source "ChessBase"]
[SourceDate "2005.11.24"]
[SourceVersion "1"]
[SourceVersionDate "2005.11.24"]
[SourceQuality "1"]

1. e4 d5 2. exd5 Nf6 3. Bb5+ Bd7 4. Be2 Bf5 5. d4 Qxd5 6. Nf3 e6 7. c4 Qa5+ 8. Bd2 Bb4 9. Nc3 c6 10. a3 Be7 11. Nd5 Qd8 12. Nxe7 Qxe7 13. 0-0 Qc7 14. Rc1 0-0 15. b4 Nbd7 16. Bg5 Rac8 17. Qb3 Ne4 18. Be3 e5 19. d5 Rfd8 20. Nh4 Bg6 21. Nxg6 hxg6 22. Rfd1 Nb6 23. f3 Nf6 24. dxc6 bxc6 25. a4 Rxd1+ 26. Rxd1 Re8 27. a5 Nbd7 28. Qa4 a6 29. b5 cxb5 30. cxb5 axb5 31. Bxb5 Qc3 32. Bf2 Ra8 33. Bxd7 Rxa5 34. Qc6 Qb2 35. Bh3 Ra1 36. Rf1 Nh5 37. g3 Ra2 38. Qe8+ Kh7 39. Qxf7 Nf6 40. Be6 Ra3 41. Bc5 Rd3 42. Bf8 Nh5 43. Qg8+ Kh6 44. Qh8+ 1-0

[Event "Quebec-ch sf"]
[Site "Montreal"]
[Date "2003.??.??"]
[Round "2"]
[White "Papineau, Daniel"]
[Black "Marcone, Malcom"]
[Result "1-0"]
[WhiteElo "1907"]
[BlackElo "2048"]
[PlyCount "87"]
[EventDate "2003.??.??"]
[EventType "swiss"]
[EventRounds "5"]
[EventCountry "CAN"]
[SourceTitle "EXT 2006"]
[Source "ChessBase"]
[SourceDate "2005.11.24"]
[SourceVersion "1"]
[SourceVersionDate "2005.11.24"]
[SourceQuality "1"]

1. d4 e6 2. c4 f5 3. g3 Nf6 4. Bg2 c6 5. Nf3 d5 6. 0-0 Bd6 7. Nc3 0-0 8. c5 Bc7 9. Bf4 Bxf4 10. gxf4 Bd7 11. Rb1 Be8 12. Qc2 Nbd7 13. b4 Ne4 14. Ne1 g5 15. e3 Bh5 16. f3 Nxc3 17. Qxc3 Kh8 18. a4 Rg8 19. b5 gxf4 20. exf4 Qc7 21. Qe3 Bf7 22. Nd3 Rg6 23. Rf2 Rag8 24. bxc6 bxc6 25. Ne5 Nxe5 26. Qxe5+ Qxe5 27. fxe5 R6g7 28. Kh1 Bh5 29. Rb3 f4 30. a5 Bg6 31. Rfb2 Bf5 32. Rb7 Rxb7 33. Rxb7 Rg7 34. Rb3 Bc2 35. Rb2 Bd3 36. Bh3 Re7 37. Rb8+ Kg7 38. Kg2 Kf7 39. Bg4 Ba6 40. Kh3 Kg7 41. Kh4 Kh6 42. Rf8 Rb7 43. Rf6+ Kg7 44. Rxe6 1-0

[Event "Quebec-ch sf"]
[Site "Montreal"]
[Date "2003.??.??"]
[Round "3"]
[White "Trottier, Yves"]
[Black "Papineau, Daniel"]
[Result "0-1"]
[WhiteElo "2093"]
[BlackElo "1907"]
[PlyCount "62"]
[EventDate "2003.??.??"]
[EventType "swiss"]
[EventRounds "5"]
[EventCountry "CAN"]
[SourceTitle "EXT 2006"]
[Source "ChessBase"]
[SourceDate "2005.11.24"]
[SourceVersion "1"]
[SourceVersionDate "2005.11.24"]
[SourceQuality "1"]

1. e4 d5 2. exd5 Nf6 3. c4 e6 4. Nc3 exd5 5. d4 Bb4 6. Nf3 0-0 7. Bd3 dxc4 8. Bxc4 Bg4 9. 0-0 Nc6 10. Be3 a6 11. Kh1 Qc8 12. Nd5 Nxd5 13. Bxd5 Qf5 14. Qb3 Bd6 15. Bxc6 bxc6 16. Ne5 Be2 17. Rfc1 Qh5 18. h3 Kh8 19. Qc2 f6 20. Nd3 Bf3 21. Kg1 Be4 22. Nf4 Qf5 23. Qd2 g5 24. g4 Qd7 25. Nd3 Qg7 26. Nc5 Bd5 27. Rf1 Qh6 28. f3 Qxh3 29. Kf2 Qxf3+ 30. Ke1 Bg3+ 31. Bf2 Rae8+ 0-1